000 01183cam a22003257a 4500
003 CHAP
005 20220329141324.0
008 971013s1986 it r 00010 eng d
010 _a66383
011 _a67355
035 _a76825
040 _cCHAP
082 1 0 _a639.2
_bF46 v.355
110 2 _aFAO. Comisión de Pesca Continental para Africa
_939476
245 1 0 _aReport of the session of the sub-committee for Lake Tanganyka, Committee for Inland Fisheries of Africa (3o)
260 _aRome :
_bFAO,
_c1986
300 _a22 p.
490 0 _aFAO. Informe de pesca
_v; 355
500 _aEdición bilingue (inglés, francés)
590 _aBATCH-UPD
_b10
_c20130110
_lUCH01
_h1043
590 _aCONVERSION
_b10
_c20130109
_lUCH01
_h1337
650 1 4 _aPesca
_xAfrica.
_987354
830 0 _aFAO. Informe de pesca
_v; 355
_939587
901 _aBK
905 _aPatricia Mendoza P.
942 _cLIBRO
949 _a639.2 F46 v.355
_bBC
_cFAO
_d33724000769329
_eFAO1
_gDonaciØn
_h97392
_i76825
_sb
949 _a639.2 F46 v.355
_bBC
_cFAO
_d33724000769337
_eFAO2
_fc.2
_gDonaciØn
_h97393
_i76825
_sb
949 _a639.2 F46 v.355
_bBC
_cFAO
_d33724000769345
_eFAO2
_fc.3
_gDonaciØn
_h97394
_i76825
_sb
999 _c66383
_d66383